[Event "GADIJ"]
[Site "SchemingMind.com"]
[Date "2024.09.02"]
[Round "-"]
[White "Steven DuCharme"]
[Black "capablanca"]
[Result "0-1"]
[WhiteCountry "USA"]
[BlackCountry "GER"]
[WhiteElo "1571"]
[WhiteRD "61"]
[BlackElo "1656"]
[BlackRD "69"]
[GameID "746998"]

1. Nf3 d5 2. g3 Nc6 3. d4 Bf5 4. Bg2 e6 5. O-O Bd6 6. c3 Nf6 7. Bg5 h6 8. Nbd2 hxg5 9. Nxg5 Nd7 10. Ngf3 Bh3
11. e4 Bxg2 12. Kxg2 f6 13. exd5 exd5 14. Re1+ Kf7 15. Qe2 Re8 16. Qxe8+ Qxe8 17. Rxe8 Rxe8
0-1

[Event "GADIJ"]
[Site "SchemingMind.com"]
[Date "2024.09.02"]
[Round "-"]
[White "capablanca"]
[Black "Steven DuCharme"]
[Result "1-0"]
[WhiteCountry "GER"]
[BlackCountry "USA"]
[WhiteElo "1656"]
[WhiteRD "69"]
[BlackElo "1571"]
[BlackRD "61"]
[GameID "746999"]

1. d4 Nf6 2. c4 e6 3. Nc3 Bb4 4. Bg5 h6 5. Bh4 g5 6. Bg3 Ne4 7. Qc2 f5 8. Be5 Rg8 9. a3 Nxc3 10. axb4 Ne4
11. f3 Nf6 12. e4 d6 13. Bxf6 Qxf6 14. Ne2 Nc6 15. d5 exd5 16. cxd5 Ne5 17. Qc3 Qe7 18. Nd4 fxe4 19. fxe4 h5 20. Be2 g4
21. O-O-O a6 22. Rhf1 Rg5 23. Rf4 b5 24. Rdf1 Bd7 25. Nc6 Bxc6 26. dxc6 Rb8 27. Rf5
1-0

[Event "GADIJ"]
[Site "SchemingMind.com"]
[Date "2024.09.02"]
[Round "-"]
[White "Steven DuCharme"]
[Black "MazetaFighter"]
[Result "0-1"]
[WhiteCountry "USA"]
[BlackCountry "GRE"]
[WhiteElo "1571"]
[WhiteRD "61"]
[BlackElo "2101"]
[BlackRD "78"]
[GameID "747000"]

1. c4 e6 2. Nc3 d5 3. cxd5 exd5 4. e3 Nf6 5. h3 Bd6 6. Nf3 Bd7 7. Be2 Nc6 8. O-O O-O 9. d4 a6 10. a3 Re8
11. b4 h6 12. Bb2 Be6 13. Qc2 Qd7 14. Rfe1 Bxh3 15. gxh3 Qxh3 16. b5 Ng4
0-1

[Event "GADIJ"]
[Site "SchemingMind.com"]
[Date "2024.09.03"]
[Round "-"]
[White "MazetaFighter"]
[Black "Steven DuCharme"]
[Result "1-0"]
[WhiteCountry "GRE"]
[BlackCountry "USA"]
[WhiteElo "2101"]
[WhiteRD "78"]
[BlackElo "1571"]
[BlackRD "61"]
[GameID "747001"]

1. e4 c5 2. Nf3 e6 3. d4 cxd4 4. Nxd4 a6 5. Bd3 Nc6 6. Nxc6 bxc6 7. O-O d5 8. c4 dxe4 9. Bxe4 Qxd1 10. Rxd1 Bd7
11. Nc3 f5 12. Bf3 Nf6 13. Bf4 Be7 14. Na4 Bd8 15. Nc5 Ra7 16. Nxd7
1-0

[Event "GADIJ"]
[Site "SchemingMind.com"]
[Date "2024.09.02"]
[Round "-"]
[White "Steven DuCharme"]
[Black "Phillip Beckett"]
[Result "1-0"]
[WhiteCountry "USA"]
[BlackCountry "ENG"]
[WhiteElo "1571"]
[WhiteRD "61"]
[BlackElo "1486"]
[BlackRD "52"]
[GameID "747002"]

1. d4 d5 2. Nf3 Nf6 3. Bf4 e6 4. c3 c5 5. e3 Nc6 6. Bb5 a6 7. Bxc6+ bxc6 8. O-O cxd4 9. cxd4 Bd6 10. Nc3 Bxf4
11. exf4 O-O 12. Re1 Qa5 13. a3 c5 14. Ne5 cxd4 15. Qxd4 Nd7 16. b4 Nxe5 17. bxa5 Nc6 18. Qc5
1-0

[Event "GADIJ"]
[Site "SchemingMind.com"]
[Date "2024.09.02"]
[Round "-"]
[White "Phillip Beckett"]
[Black "Steven DuCharme"]
[Result "1/2-1/2"]
[WhiteCountry "ENG"]
[BlackCountry "USA"]
[WhiteElo "1548"]
[WhiteRD "53"]
[BlackElo "1554"]
[BlackRD "64"]
[GameID "747003"]

1. e4 d6 2. d4 Nf6 3. Nc3 g6 4. Nf3 Bg7 5. Be2 O-O 6. h3 b6 7. O-O Bb7 8. d5 c6 9. dxc6 Nxc6 10. Bg5 a5
11. Qd2 Kh8 12. Rad1 Ng8 13. Qc1 f6 14. Be3 Ba6 15. Bxa6 Rxa6 16. Nd5 e6 17. Nc3 Re8 18. Ne2 Bf8 19. Ned4 Qc7 20. Nxc6 Qxc6
21. c4 Rc8 22. b3 Kg7 23. Nd4 Qd7 24. Nb5 e5 25. f4 Qe6 26. fxe5 dxe5 27. Qd2 Bc5 28. Bxc5 bxc5 29. Qd7+ Qxd7 30. Rxd7+ Kh8
31. Rfd1 Raa8 32. Rf7 Rd8 33. Rdd7 Rxd7 34. Rxd7 a4 35. Nd6 Nh6 36. Nf7+ Nxf7 37. Rxf7 axb3 38. axb3 Rb8 39. Rxf6 Rxb3 40. Rc6 Re3
41. Rxc5 Rxe4 42. Rc8+ Kg7 43. Rc7+ Kh6 44. c5 g5 45. c6 Kg6 46. Rc8 Rc4 47. c7 Kg7 48. Kh2 h5 49. Re8 Rxc7=
1/2-1/2

[Event "GADIJ"]
[Site "SchemingMind.com"]
[Date "2024.09.03"]
[Round "-"]
[White "Steven DuCharme"]
[Black "Robert Bruce"]
[Result "0-1"]
[WhiteCountry "USA"]
[BlackCountry "SCO"]
[WhiteElo "1554"]
[WhiteRD "64"]
[BlackElo "2363"]
[BlackRD "72"]
[GameID "747004"]

1. b3 e5 2. Bb2 Nc6 3. g3 g6 4. Bg2 Bg7 5. Nf3 Nge7 6. O-O O-O 7. d3 e4 8. Bxg7 exf3 9. Bxf8 fxg2 10. Kxg2 Qxf8
11. d4 d5 12. e3 Be6 13. a4 h5 14. Nd2 Re8 15. h3 Nf5 16. c3 Qh6 17. Re1 a5 18. f4 Nd6 19. Kh2 Ne7 20. c4 Bf5
21. c5 Ne4 22. Nf3 Bxh3 23. Ng5 Bg4 24. Nxe4 dxe4 25. Qc2 h4
0-1

[Event "GADIJ"]
[Site "SchemingMind.com"]
[Date "2024.09.02"]
[Round "-"]
[White "Robert Bruce"]
[Black "Steven DuCharme"]
[Result "1-0"]
[WhiteCountry "SCO"]
[BlackCountry "USA"]
[WhiteElo "2338"]
[WhiteRD "68"]
[BlackElo "1571"]
[BlackRD "61"]
[GameID "747005"]

1. e4 e6 2. d3 d5 3. Qe2 dxe4 4. dxe4 a6 5. Nf3 b6 6. g3 Bb7 7. Bg2 Nf6 8. e5 Nfd7 9. O-O Be7 10. h4 O-O
11. Nc3 c5 12. Rd1 Qc7 13. Ne4 Nc6 14. Nd6 Rab8 15. Nxb7 Qxb7 16. Nh2 b5 17. h5 Ndxe5 18. Bf4 Bf6 19. Bxe5 Bxe5 20. Bxc6 Qxc6
21. Qxe5 Qg2+ 22. Kxg2
1-0

[Event "GADIJ"]
[Site "SchemingMind.com"]
[Date "2024.09.03"]
[Round "-"]
[White "Steven DuCharme"]
[Black "William Lindberg"]
[Result "0-1"]
[WhiteCountry "USA"]
[BlackCountry "USA"]
[WhiteElo "1571"]
[WhiteRD "61"]
[BlackElo "2369"]
[BlackRD "69"]
[GameID "747006"]

1. g3 d5 2. Bg2 e5 3. c3 Nf6 4. d3 Bd6 5. Nf3 h6 6. O-O O-O 7. h3 Re8 8. Nbd2 e4 9. dxe4 dxe4 10. Nh2 e3
0-1

[Event "GADIJ"]
[Site "SchemingMind.com"]
[Date "2024.09.02"]
[Round "-"]
[White "William Lindberg"]
[Black "Steven DuCharme"]
[Result "1-0"]
[WhiteCountry "USA"]
[BlackCountry "USA"]
[WhiteElo "2369"]
[WhiteRD "69"]
[BlackElo "1571"]
[BlackRD "61"]
[GameID "747007"]

1. c4 c5 2. Nf3 Nc6 3. d4 cxd4 4. Nxd4 Nf6 5. Nc3 e6 6. a3 Be7 7. e4 d6 8. Be2 O-O 9. Be3 Bd7 10. O-O a6
11. Nb3 Qb8 12. g4 b5 13. g5 Ne8 14. cxb5 axb5 15. Nxb5 Ne5 16. Nc3 Ba4 17. Nxa4 Rxa4 18. Nd4 Ra8 19. f4 Ng6 20. f5 exf5
21. exf5 Ne5 22. Bf3 Nxf3+ 23. Qxf3 Ra6 24. Nc6 Rxc6 25. Qxc6 Qxb2 26. Rae1 Qxa3 27. Bf2
1-0

[Event "GADIJ"]
[Site "SchemingMind.com"]
[Date "2024.09.02"]
[Round "-"]
[White "Steven DuCharme"]
[Black "JAHI"]
[Result "0-1"]
[WhiteCountry "USA"]
[BlackCountry "INT"]
[WhiteElo "1554"]
[WhiteRD "64"]
[BlackElo "2199"]
[BlackRD "87"]
[GameID "747008"]

1. Nf3 c6 2. d4 Na6 3. e4 d6 4. Bxa6 Qa5+ 5. Bd2 Qxa6 6. Qe2 Qxe2+ 7. Kxe2 Bg4 8. h3 Bxf3+ 9. Kxf3 d5 10. e5 e6
11. a4 f6 12. c3 c5 13. Na3 cxd4 14. cxd4 Bxa3 15. Rxa3 fxe5 16. dxe5 Ne7 17. Re1 Kd7 18. Bf4 Rhf8 19. Ke3 Rac8 20. g4 Rc2
21. Rb3 b6 22. Bg3 Nc6 23. f4 Na5 24. Rc3 Rxb2 25. Rd1 g6 26. Bh4 Rb4 27. Bf6 Nc4+ 28. Kf3 a6 29. Ra1 Nd2+ 30. Ke2 Ne4
31. Rc2 Nxf6 32. exf6 Rxf6 33. Rac1 Rfxf4 34. Rc7+ Kd6 35. R1c6+ Ke5 36. Re7 Rb2+ 37. Ke1 Rxa4 38. Rcxe6+ Kd4
0-1

[Event "GADIJ"]
[Site "SchemingMind.com"]
[Date "2024.09.02"]
[Round "-"]
[White "JAHI"]
[Black "Steven DuCharme"]
[Result "1-0"]
[WhiteCountry "INT"]
[BlackCountry "USA"]
[WhiteElo "2199"]
[WhiteRD "87"]
[BlackElo "1554"]
[BlackRD "64"]
[GameID "747009"]

1. d3 Nf6 2. d4 d5 3. g3 g6 4. Bh3 Bg7 5. Bxc8 Qxc8 6. h3 O-O 7. h4 h5 8. Kf1 Re8 9. Nf3 Nbd7 10. Bf4 Ng4
11. Kg2 e5 12. dxe5 Ndxe5 13. Qxd5 Nxf3 14. exf3 Bxb2 15. fxg4 Bxa1 16. gxh5 Qe6 17. Qxb7 Qe4+ 18. Qxe4 Rxe4 19. Nd2 Rxf4 20. gxf4 Rd8
21. Ne4
1-0

[Event "GADIJ"]
[Site "SchemingMind.com"]
[Date "2024.09.03"]
[Round "-"]
[White "Steven DuCharme"]
[Black "eliecercruzr"]
[Result "0-1"]
[WhiteCountry "USA"]
[BlackCountry "CUB"]
[WhiteElo "1554"]
[WhiteRD "64"]
[BlackElo "2435"]
[BlackRD "59"]
[GameID "747010"]

1. d4 Nf6 2. c4 e6 3. g3 d5 4. cxd5 exd5 5. Bg2 Bd6 6. Nf3 O-O 7. O-O c6 8. Nc3 Nbd7 9. Bg5 Re8 10. Nd2 h6
11. Bxf6 Nxf6 12. Re1 Qb6 13. Nb3 Bf5 14. a4 a5 15. Ra2 h5 16. h4 Ng4 17. e3 Bxg3 18. fxg3 Nxe3 19. Rxe3 Rxe3 20. Qd2 Rxg3
21. Qf4 Rxc3
0-1

[Event "GADIJ"]
[Site "SchemingMind.com"]
[Date "2024.09.02"]
[Round "-"]
[White "eliecercruzr"]
[Black "Steven DuCharme"]
[Result "1-0"]
[WhiteCountry "CUB"]
[BlackCountry "USA"]
[WhiteElo "2435"]
[WhiteRD "59"]
[BlackElo "1554"]
[BlackRD "64"]
[GameID "747011"]

1. e4 c5 2. Nf3 Nc6 3. d4 cxd4 4. Nxd4 Nf6 5. Nc3 a6 6. Nxc6 bxc6 7. e5 Ng8 8. Bc4 e6 9. Qd3 d5 10. exd6 Qxd6
11. Qf3 Nf6 12. Bf4 Qc5 13. Bd3 Nd5 14. Ne4 Qd4 15. c3 Qxd3 16. Qxd3 Nxf4 17. Qc4 Bd7 18. O-O-O Nd5 19. Qd4 f6 20. c4 c5
21. Qd3 Nb6 22. Nd6+ Ke7 23. Qe3
1-0

[Event "GADIJ"]
[Site "SchemingMind.com"]
[Date "2024.09.02"]
[Round "-"]
[White "Steven DuCharme"]
[Black "sebibutu"]
[Result "0-1"]
[WhiteCountry "USA"]
[BlackCountry "ROU"]
[WhiteElo "1554"]
[WhiteRD "64"]
[BlackElo "1804"]
[BlackRD "184"]
[GameID "747012"]

1. Nf3 d5 2. e3 Nf6 3. c4 e6 4. Nc3 Be7 5. cxd5 exd5 6. Be2 c6 7. O-O O-O 8. d4 Bf5 9. Nh4 Bc8 10. Nf3 Bf5
11. Nh4 Be6 12. Nf3 Ne4 13. Ne5 Nd7 14. f3 Nxc3 15. bxc3 Nxe5 16. dxe5 f6 17. exf6 Rxf6 18. a4 Rh6 19. Ba3 Bxa3
0-1

[Event "GADIJ"]
[Site "SchemingMind.com"]
[Date "2024.09.02"]
[Round "-"]
[White "sebibutu"]
[Black "Steven DuCharme"]
[Result "1-0"]
[WhiteCountry "ROU"]
[BlackCountry "USA"]
[WhiteElo "1804"]
[WhiteRD "184"]
[BlackElo "1554"]
[BlackRD "64"]
[GameID "747013"]

1. e4 c6 2. Nf3 e6 3. d4 d5 4. Nbd2 Nf6 5. e5 Ne4 6. Nxe4 dxe4 7. Ng5 Be7 8. Nxe4 O-O 9. Bd3 f5 10. exf6 Bxf6
11. c3 Na6 12. h4 b5 13. Ng5 h6 14. Qh5
1-0

[Event "GADIJ"]
[Site "SchemingMind.com"]
[Date "2024.09.02"]
[Round "-"]
[White "Steven DuCharme"]
[Black "Rubiel_Labarta"]
[Result "0-1"]
[WhiteCountry "USA"]
[BlackCountry "CUB"]
[WhiteElo "1554"]
[WhiteRD "64"]
[BlackElo "2488"]
[BlackRD "138"]
[GameID "747014"]

1. e4 e5 2. Nf3 Nf6 3. Nxe5 d6 4. Nf3 Nxe4 5. Qe2 Qe7 6. d3 Nf6 7. Qxe7+ Bxe7 8. Be2 O-O 9. O-O c5 10. b3 Nc6
11. Bb2 Re8 12. a3 Nd5 13. g3 Bf6 14. Bxf6 Rxe2 15. Bg5 Rxc2 16. Ne1 Re2 17. Nd2 f6
0-1

[Event "GADIJ"]
[Site "SchemingMind.com"]
[Date "2024.09.02"]
[Round "-"]
[White "Rubiel_Labarta"]
[Black "Steven DuCharme"]
[Result "1-0"]
[WhiteCountry "CUB"]
[BlackCountry "USA"]
[WhiteElo "2486"]
[WhiteRD "135"]
[BlackElo "1571"]
[BlackRD "61"]
[GameID "747015"]

1. e4 Nf6 2. e5 Nd5 3. d4 d6 4. c4 Nb6 5. f4 dxe5 6. fxe5 e6 7. Nc3 Be7 8. Qg4 g6 9. Nf3 h5 10. Qf4 Nc6
11. Be2 Nb4 12. O-O Rh7 13. Ne4
1-0

[Event "GADIJ"]
[Site "SchemingMind.com"]
[Date "2024.09.02"]
[Round "-"]
[White "capablanca"]
[Black "MazetaFighter"]
[Result "0-1"]
[WhiteCountry "GER"]
[BlackCountry "GRE"]
[WhiteElo "1656"]
[WhiteRD "69"]
[BlackElo "2101"]
[BlackRD "78"]
[GameID "747016"]

1. d4 Nf6 2. Nf3 d5 3. Bf4 c5 4. dxc5 e6 5. b4 a5 6. c3 axb4 7. cxb4 Nc6 8. Bd2 Ne4 9. e3 Qf6 10. Nc3 Nxc3
0-1

[Event "GADIJ"]
[Site "SchemingMind.com"]
[Date "2024.09.03"]
[Round "-"]
[White "MazetaFighter"]
[Black "capablanca"]
[Result "1-0"]
[WhiteCountry "GRE"]
[BlackCountry "GER"]
[WhiteElo "2101"]
[WhiteRD "78"]
[BlackElo "1656"]
[BlackRD "69"]
[GameID "747017"]

1. e4 e5 2. Nf3 Nc6 3. d4 exd4 4. Nxd4 Nf6 5. Nxc6 bxc6 6. e5 Qe7 7. Qe2 Nd5 8. c4 Nb6 9. Nc3 Bb7 10. Bd2 d6
11. exd6 Qxe2+ 12. Bxe2 cxd6 13. O-O O-O-O 14. Rfd1 g6 15. Bf4 d5 16. cxd5 cxd5 17. Nb5
1-0

[Event "GADIJ"]
[Site "SchemingMind.com"]
[Date "2024.09.02"]
[Round "-"]
[White "capablanca"]
[Black "Phillip Beckett"]
[Result "1/2-1/2"]
[WhiteCountry "GER"]
[BlackCountry "ENG"]
[WhiteElo "1656"]
[WhiteRD "69"]
[BlackElo "1486"]
[BlackRD "52"]
[GameID "747018"]

1. d4 d5 2. Nf3 Nf6 3. Bf4 e6 4. e3 Be7 5. Bd3 c5 6. c4 cxd4 7. Nxd4 dxc4 8. Bxc4 a6 9. O-O Nc6 10. Nxc6 Qxd1
11. Rxd1 bxc6 12. Nc3 Bb7 13. Rd3 Rd8 14. Rad1 O-O 15. a3 Rxd3 16. Rxd3 Rd8 17. Bc7 Rxd3 18. Bxd3 Nd5 19. Nxd5 cxd5 20. b4= Kf8
21. Kf1 h6 22. Ke2 Ke8 23. f3 Kd7 24. Be5 f6 25. Bb2 e5 26. Bf5+ Kc7 27. Bc2 Bd6 28. h4 Bc6 29. g4 Bb5+ 30. Kd2 Kb6
31. Bb3 Bc6 32. Bd1 Bb5 33. Bb3 Bc6 34. Ke2 Bb5+ 35. Kd2 Bc6 36. Ke2 Bb5+=
1/2-1/2

[Event "GADIJ"]
[Site "SchemingMind.com"]
[Date "2024.09.02"]
[Round "-"]
[White "Phillip Beckett"]
[Black "capablanca"]
[Result "1-0"]
[WhiteCountry "ENG"]
[BlackCountry "GER"]
[WhiteElo "1486"]
[WhiteRD "52"]
[BlackElo "1656"]
[BlackRD "69"]
[GameID "747019"]

1. e4 e5 2. Nf3 Nc6 3. Bb5 a6 4. Ba4 Nf6 5. O-O Bc5 6. Re1 d6 7. c3 Bd7 8. h3 O-O 9. d3 b5 10. Bc2 Bb6
11. Nbd2 Ne7 12. Nf1 Ng6 13. Ng3 c5 14. a4 c4 15. axb5 axb5 16. Rxa8 Qxa8 17. Nf5 cxd3 18. Qxd3 Qc6 19. N3h4 Nxh4 20. Nxh4 Be6
21. Nf5 Bc7 22. Ne7+
1-0

[Event "GADIJ"]
[Site "SchemingMind.com"]
[Date "2024.09.03"]
[Round "-"]
[White "capablanca"]
[Black "Robert Bruce"]
[Result "0-1"]
[WhiteCountry "GER"]
[BlackCountry "SCO"]
[WhiteElo "1656"]
[WhiteRD "69"]
[BlackElo "2338"]
[BlackRD "68"]
[GameID "747020"]

1. d4 Nf6 2. Nf3 g6 3. c4 Bg7 4. Nc3 d5 5. e3 O-O 6. Bd3 c5 7. O-O Nc6 8. cxd5 Nxd5 9. Nxd5 Qxd5 10. e4 Qd6
11. dxc5 Qxc5 12. Be3 Qa5 13. Bd2 Qc7 14. Qc2 Bg4 15. Be2 Rac8 16. h3 Nd4 17. Qxc7 Nxe2+
0-1

[Event "GADIJ"]
[Site "SchemingMind.com"]
[Date "2024.09.02"]
[Round "-"]
[White "Robert Bruce"]
[Black "capablanca"]
[Result "1-0"]
[WhiteCountry "SCO"]
[BlackCountry "GER"]
[WhiteElo "2338"]
[WhiteRD "68"]
[BlackElo "1656"]
[BlackRD "69"]
[GameID "747021"]

1. e4 e5 2. f4 exf4 3. Nf3 d6 4. d4 Nc6 5. Bxf4 Nf6 6. Nc3 Bg4 7. Bc4 Be7 8. Qd2 h6 9. O-O-O O-O 10. Bxh6 gxh6
11. Qxh6 Bxf3 12. gxf3 Nh7 13. Rhg1+ Kh8 14. Qg7#
1-0

[Event "GADIJ"]
[Site "SchemingMind.com"]
[Date "2024.09.03"]
[Round "-"]
[White "capablanca"]
[Black "William Lindberg"]
[Result "0-1"]
[WhiteCountry "GER"]
[BlackCountry "USA"]
[WhiteElo "1656"]
[WhiteRD "69"]
[BlackElo "2369"]
[BlackRD "69"]
[GameID "747022"]

1. d4 Nf6 2. Nf3 d5 3. Bf4 c5 4. dxc5 Nc6 5. e3 e6 6. Nc3 Bxc5 7. Be2 O-O 8. O-O Re8 9. a3 a6 10. Nd4 e5
11. Nxc6 bxc6 12. Bg5 Bf5 13. Na4 Ba7 14. b4 h6 15. Bxf6 Qxf6 16. c4 d4 17. exd4 Bxd4 18. Rc1 Rad8 19. Qe1 e4 20. c5 e3
21. Nb6 exf2+ 22. Rxf2 Bg4 23. Kh1 Bxf2
0-1

[Event "GADIJ"]
[Site "SchemingMind.com"]
[Date "2024.09.02"]
[Round "-"]
[White "William Lindberg"]
[Black "capablanca"]
[Result "1-0"]
[WhiteCountry "USA"]
[BlackCountry "GER"]
[WhiteElo "2369"]
[WhiteRD "69"]
[BlackElo "1656"]
[BlackRD "69"]
[GameID "747023"]

1. e4 e5 2. Nf3 Nc6 3. Bb5 a6 4. Bxc6 dxc6 5. O-O Bd6 6. d4 Bg4 7. dxe5 Bxf3 8. Qxf3 Bxe5 9. Qb3 b6 10. Nd2 Nf6
11. f4 Bd4+ 12. Kh1 O-O 13. e5 Nd5 14. Nf3 Bc5 15. Bd2 Qd7 16. Qd3 Qe6 17. f5 Qd7 18. f6 gxf6 19. c4 Nb4 20. Qxd7
1-0

[Event "GADIJ"]
[Site "SchemingMind.com"]
[Date "2024.09.02"]
[Round "-"]
[White "capablanca"]
[Black "JAHI"]
[Result "0-1"]
[WhiteCountry "GER"]
[BlackCountry "INT"]
[WhiteElo "1724"]
[WhiteRD "69"]
[BlackElo "2199"]
[BlackRD "87"]
[GameID "747024"]

1. d4 c6 2. e4 Na6 3. Bxa6 Qa5+ 4. Nc3 Qxa6 5. Qe2 Qxe2+ 6. Ngxe2 b6 7. Bf4 b5 8. a3 a6 9. O-O e6 10. Rfe1 Bb7
11. Ng3 d6 12. Rad1 d5 13. exd5 cxd5 14. Nce2 Rc8 15. c3 Be7 16. Nc1 a5 17. Nb3 a4 18. Nd2 h6 19. Nf3 Rh7 20. Ne5 Nf6
21. h3 Nd7 22. Nh5 g6 23. Ng3 Nb6 24. Re2 Nc4 25. Nf1 g5 26. Bc1 Rc7 27. Nd3 Nd6 28. Nc5 Rc8 29. Nxb7 Nxb7 30. Ne3 Nd6
31. f3 h5 32. Rde1 Rc7 33. Kf2= h4 34. Ng4 Rg7 35. Ne5 Nf5 36. f4 Ng3 37. Rc2 f6 38. Ng4 f5 39. Ne5 g4 40. hxg4 fxg4
41. Nd3 Kf7 42. Kg1 Bf6 43. Rf2 Rc8 44. Nc5 Rh7 45. Nxe6 Ne4 46. Rxe4 dxe4 47. f5 g3 48. Rf4 Rh5 49. Rxe4 Rxf5 50. Nc5 Re8
51. Rxe8 Kxe8 52. Nd3 Ke7 53. Nf4 Bg5 54. Ng6+ Kf6 55. Bxg5+ Kxg5 56. Ne5 Kf4 57. Ng6+ Ke4 58. Nxh4 Rf2
0-1

[Event "GADIJ"]
[Site "SchemingMind.com"]
[Date "2024.09.02"]
[Round "-"]
[White "JAHI"]
[Black "capablanca"]
[Result "1-0"]
[WhiteCountry "INT"]
[BlackCountry "GER"]
[WhiteElo "2199"]
[WhiteRD "87"]
[BlackElo "1724"]
[BlackRD "69"]
[GameID "747025"]

1. d3 e5 2. c3 d5 3. g3 Nc6 4. Bh3 Nf6 5. Bg5 Bxh3 6. Nxh3 h6 7. Bxf6 Qxf6 8. Nd2 Bc5 9. Rf1 O-O-O 10. Qc2 g5
11. Ng1 g4 12. e3 h5 13. Ne2 h4 14. d4 exd4 15. cxd4 Bb4 16. a3 Bd6 17. b3 hxg3 18. hxg3 Rh2 19. b4 Rdh8 20. Qd3 Rh1
21. Nc3 Rxf1+ 22. Nxf1 Qf3 23. Rc1 Rh1 24. Qe2 Qf5 25. e4 Qg5 26. Rd1 dxe4 27. Nxe4 Qg6 28. Nxd6+ Qxd6 29. Qxg4+ Kb8 30. Qg8+ Nd8
31. Ke2 a6 32. Qe8 Rh6 33. d5 Kc8= 34. Ne3 Qf6 35. Ng4 Qb2+ 36. Rd2 Qh8 37. Qxh8 Rxh8 38. Kf3 Kd7 39. Ke4 Kd6 40. Nf6 Rh1
41. f3 Re1+ 42. Kf4 Ra1 43. Rd3 Ke7 44. Kf5 b6 45. Re3+ Kd6 46. f4 c6 47. Rd3 cxd5 48. Nxd5 Kc6 49. Kf6 Re1 50. Nxb6 Re6+
51. Kg7 Rg6+ 52. Kf8 Kxb6 53. Rxd8 Rxg3 54. Kxf7 Rxa3 55. f5 Kc7 56. Rd4 Rf3 57. f6 Rf5 58. Ke6 Rf1 59. f7
1-0

[Event "GADIJ"]
[Site "SchemingMind.com"]
[Date "2024.09.03"]
[Round "-"]
[White "capablanca"]
[Black "eliecercruzr"]
[Result "0-1"]
[WhiteCountry "GER"]
[BlackCountry "CUB"]
[WhiteElo "1724"]
[WhiteRD "69"]
[BlackElo "2435"]
[BlackRD "59"]
[GameID "747026"]

1. d4 Nf6 2. Nf3 d5 3. Bf4 c5 4. e3 Nc6 5. dxc5 e6 6. Bb5 Qa5+ 7. Nc3 Ne4 8. O-O Nxc3 9. Bxc6+ bxc6 10. bxc3 Bxc5
11. Be5 f6 12. Bd4 Be7 13. c4 O-O 14. Qd2 Bb4 15. Qd1 e5 16. Bb2 Ba6 17. c3 Be7 18. Re1 Bxc4 19. Nd2 Bd3 20. Nb3 Qa6
21. a4 c5 22. Ba3 Rac8 23. Qg4 c4 24. Bxe7 cxb3 25. Bxf8 Rxf8 26. Qd7 Qc4 27. Qe6+ Kh8 28. Qe7 Rc8 29. Qb4 Qxc3 30. Qb7 b2
31. Rad1 Bc2 32. Rd2 b1=Q 33. Rxb1 Bxb1
0-1

[Event "GADIJ"]
[Site "SchemingMind.com"]
[Date "2024.09.02"]
[Round "-"]
[White "eliecercruzr"]
[Black "capablanca"]
[Result "1-0"]
[WhiteCountry "CUB"]
[BlackCountry "GER"]
[WhiteElo "2435"]
[WhiteRD "59"]
[BlackElo "1724"]
[BlackRD "69"]
[GameID "747027"]

1. e4 e5 2. Nf3 Nc6 3. Bb5 a6 4. Ba4 Nf6 5. d3 b5 6. Bb3 Be7 7. a4 Bb7 8. O-O O-O 9. Nc3 d6 10. axb5 axb5
11. Rxa8 Qxa8 12. Nxb5 Qa5 13. Na3 d5 14. Bd2 Qb6 15. exd5 Nd4 16. Nxd4 exd4 17. Qf3 Rd8 18. Nc4 Qc5 19. Ne5 Bxd5 20. Bxd5 Qxd5
21. Qxd5 Rxd5 22. Re1 Bd6 23. Nc6 Rc5 24. Nxd4 Kf8 25. b4 Re5 26. Rxe5 Bxe5 27. Nf3 Bd6 28. c4 Ke8 29. Kf1 c6 30. Nd4 Kd7
31. h3 h6 32. b5 cxb5 33. Nxb5
1-0

[Event "GADIJ"]
[Site "SchemingMind.com"]
[Date "2024.09.02"]
[Round "-"]
[White "capablanca"]
[Black "sebibutu"]
[Result "*"]
[WhiteCountry "GER"]
[BlackCountry "ROU"]
[WhiteElo "1724"]
[WhiteRD "69"]
[BlackElo "1804"]
[BlackRD "184"]
[GameID "747028"]

1. d4 d5 2. Nf3 Nf6 3. Nc3 c5 4. dxc5 Nc6 5. Bg5 d4 6. Nb1 h6 7. Bh4 Bf5 8. Bxf6 exf6 9. a3 Bxc5 10. g3 Qb6
11. b4 Be7 12. Bg2 a5 13. Nbd2 axb4 14. axb4 O-O 15. O-O Rxa1 16. Qxa1 Bxb4 17. Nb3 Bc3 18. Qd1 g6 19. Nfd2 Nb4 20. Ne4 Re8
21. Nbc5 Qc6 22. Nxc3 Qxc5 23. Na4 Qxc2 24. Qxc2 Bxc2 25. Nc5
*

[Event "GADIJ"]
[Site "SchemingMind.com"]
[Date "2024.09.02"]
[Round "-"]
[White "sebibutu"]
[Black "capablanca"]
[Result "1-0"]
[WhiteCountry "ROU"]
[BlackCountry "GER"]
[WhiteElo "1804"]
[WhiteRD "184"]
[BlackElo "1724"]
[BlackRD "69"]
[GameID "747029"]

1. e4 e5 2. Nf3 Nc6 3. Bb5 a6 4. Ba4 Nf6 5. O-O b5 6. Bb3 Bc5 7. c3 O-O 8. d4 exd4 9. e5 Ng4 10. cxd4 Bb4
11. Ng5 Nh6 12. Qd3 g6 13. Qh3 Kg7 14. Qxh6+ Kxh6 15. Nxf7+
1-0

[Event "GADIJ"]
[Site "SchemingMind.com"]
[Date "2024.09.02"]
[Round "-"]
[White "capablanca"]
[Black "Rubiel_Labarta"]
[Result "0-1"]
[WhiteCountry "GER"]
[BlackCountry "CUB"]
[WhiteElo "1656"]
[WhiteRD "69"]
[BlackElo "2486"]
[BlackRD "135"]
[GameID "747030"]

1. d4 d5 2. c4 e6 3. Nf3 Nf6 4. Bg5 dxc4 5. Qa4+ Nbd7 6. Qxc4 c5 7. e3 a6 8. a4 cxd4 9. Nxd4 Qa5+ 10. Nd2 Qxg5
0-1

[Event "GADIJ"]
[Site "SchemingMind.com"]
[Date "2024.09.02"]
[Round "-"]
[White "Rubiel_Labarta"]
[Black "capablanca"]
[Result "1-0"]
[WhiteCountry "CUB"]
[BlackCountry "GER"]
[WhiteElo "2488"]
[WhiteRD "138"]
[BlackElo "1724"]
[BlackRD "69"]
[GameID "747031"]

1. e4 e5 2. Nf3 Nc6 3. Bb5 a6 4. Ba4 Nf6 5. O-O b5 6. Bb3 Na5 7. Nxe5 Nxb3 8. axb3 Bb7 9. Re1 Be7 10. d3 d6
11. Nf3 O-O 12. c4 c5 13. Nc3 b4 14. Nd5 Nxd5 15. exd5 Bf6 16. d4 Bxd4 17. Nxd4 cxd4 18. Qxd4 Re8 19. Rxe8+ Qxe8 20. Bd2 a5
21. Qb6
1-0

[Event "GADIJ"]
[Site "SchemingMind.com"]
[Date "2024.09.03"]
[Round "-"]
[White "MazetaFighter"]
[Black "Phillip Beckett"]
[Result "1-0"]
[WhiteCountry "GRE"]
[BlackCountry "ENG"]
[WhiteElo "2101"]
[WhiteRD "78"]
[BlackElo "1486"]
[BlackRD "52"]
[GameID "747032"]

1. e4 e5 2. Nf3 Nc6 3. Bb5 a6 4. Ba4 Nf6 5. O-O Be7 6. Re1 b5 7. Bb3 O-O 8. c3 d5 9. exd5 Nxd5 10. Nxe5 Nxe5
11. Rxe5 c6 12. d3 Bd6 13. Re1 Qh4 14. g3 Qh3 15. Re4 g5 16. Bxg5 Bg4 17. Qxg4 Qxg4 18. Rxg4 Kh8 19. Bxd5 cxd5 20. Bf6#
1-0

[Event "GADIJ"]
[Site "SchemingMind.com"]
[Date "2024.09.02"]
[Round "-"]
[White "Phillip Beckett"]
[Black "MazetaFighter"]
[Result "0-1"]
[WhiteCountry "ENG"]
[BlackCountry "GRE"]
[WhiteElo "1486"]
[WhiteRD "52"]
[BlackElo "2101"]
[BlackRD "78"]
[GameID "747033"]

1. e4 e5 2. Nf3 Nc6 3. Bb5 a6 4. Ba4 Nf6 5. O-O Nxe4 6. Qe2 Nc5 7. Bxc6 dxc6 8. Qxe5+ Ne6 9. c3 Bd6 10. Qe2 O-O
11. d4 Re8 12. Ne5 f6 13. Nf3 Nxd4 14. Qd1 Nxf3+ 15. Qxf3 Be6 16. Bf4 Qd7 17. Bxd6 cxd6 18. Nd2 Re7 19. Ne4 Bd5 20. Rfe1 Rae8
21. Kf1 Rxe4 22. Rxe4 Rxe4 23. Qd3 Bc4
0-1